Film Ilia Mihályról
Elmentve itt :
| Dokumentumtípus: | Cikk |
|---|---|
| Megjelent: |
2006-03-03
|
| Sorozat: | Délmagyarország
96 No. 53 |
| Kulcsszavak: | Ilia Mihály |
| Online Access: | http://dmarchiv.bibl.u-szeged.hu/126504 |
| LEADER | 00389nab a2200145 i 4500 | ||
|---|---|---|---|
| 001 | delm126504 | ||
| 005 | 20191219091936.0 | ||
| 008 | 191219s2006 hu o 0|| hun d | ||
| 040 | |a SZTE Délmagyarország Archívum |b hun | ||
| 041 | |a hun | ||
| 245 | 0 | 0 | |a Film Ilia Mihályról |h [elektronikus dokumentum] |
| 260 | |c 2006-03-03 | ||
| 300 | |a 7 | ||
| 490 | 0 | |a Délmagyarország |v 96 No. 53 | |
| 695 | |a Ilia Mihály | ||